Structural analysis : (Record no. 5410)

MARC details
000 -LEADER
fixed length control field 00682nam a22002057a 4500
003 - CONTROL NUMBER IDENTIFIER
control field OSt
005 - DATE AND TIME OF LATEST TRANSACTION
control field 20251103061700.0
008 - FIXED-LENGTH DATA ELEMENTS--GENERAL INFORMATION
fixed length control field 251103b |||||||| |||| 00| 0 eng d
020 ## - INTERNATIONAL STANDARD BOOK NUMBER
International Standard Book Number 978-981-4586-863
040 ## - CATALOGING SOURCE
Original cataloging agency DWCL-Main lib
Transcribing agency OC
082 ## - DEWEY DECIMAL CLASSIFICATION NUMBER
Edition number Eight edition
Classification number Circ. 624.171 H624s 2014
100 ## - MAIN ENTRY--PERSONAL NAME
Personal name Hibbeler, R.C
245 ## - TITLE STATEMENT
Title Structural analysis :
Remainder of title eighth edition in SI units/
Statement of responsibility, etc. R.C, Hibbeler
250 ## - EDITION STATEMENT
Edition statement Eight edition
260 ## - PUBLICATION, DISTRIBUTION, ETC.
Place of publication, distribution, etc. Singapore:
Name of publisher, distributor, etc. Pearson education Inc.,
Date of publication, distribution, etc. c2014
300 ## - PHYSICAL DESCRIPTION
Extent xxvi, 695 pages :
Other physical details illustrations;
Dimensions 24cm
504 ## - BIBLIOGRAPHY, ETC. NOTE
Bibliography, etc. note Includes index
650 ## - SUBJECT ADDED ENTRY--TOPICAL TERM
Topical term or geographic name entry element 1. Structural analysis ( engineering)
942 ## - ADDED ENTRY ELEMENTS (KOHA)
Source of classification or shelving scheme Dewey Decimal Classification
Koha item type Book Circulation
Edition Eight edition
Call number prefix Circ.
Suppress in OPAC No
952 ## - LOCATION AND ITEM INFORMATION (KOHA)
--
Holdings
Withdrawn status Lost status Source of classification or shelving scheme Damaged status Not for loan Home library Current library Shelving location Date acquired Source of acquisition Total Checkouts Full call number Barcode Date last seen Copy number Price effective from Koha item type Uniform Resource Identifier
    Dewey Decimal Classification     College Library College Library Circulation 12/13/2021 School Fund   Circ. 624.171 H624s 2014 CL53105 11/03/2025 c1 11/03/2025 BK-CIRC